[Event "Arco op 45th"]
[Site "Arco"]
[Date "2023.10.10"]
[Round "4"]
[White "Valles Moreno, Ivan"]
[Black "Kaushik, Ashwath"]
[Result "1-0"]
[WhiteElo "2334"]
[BlackElo "1714"]
[PlyCount "93"]
[EventDate "2023.10.07"]
[EventType "swiss"]
[EventRounds "9"]
[EventCountry "ITA"]
[SourceTitle "Mega2024 Update 01"]
[Source "Chessbase"]
[SourceDate "2023.11.12"]
[SourceVersion "1"]
[SourceVersionDate "2023.11.12"]
[SourceQuality "1"]

1. d4 Nf6 2. c4 e6 3. Nf3 Bb4+ 4. Nbd2 b6 5. a3 Bxd2+ 6. Qxd2 0-0 7. Qc2 Bb7 8. Bg5 h6 9. Bh4 d6 10. e3 Nbd7 11. Be2 Re8 12. 0-0 Qc8 13. Rfd1 e5 14. b4 Ne4 15. d5 f5 16. Nd2 g5 17. Nxe4 gxh4 18. Nc3 Nf6 19. Bd3 e4 20. Bf1 Qd8 21. Ne2 Nh5 22. c5 dxc5 23. bxc5 Qg5 24. c6 Ba6 25. d6 cxd6 26. Rxd6 Rad8 27. Qb3+ Kh8 28. Qc3+ Kh7 29. Rad1 Bd3 30. Rxd8 Rxd8 31. c7 Rc8 32. Qc6 Qg7 33. Rc1 h3 34. g3 Nf6 35. Bxh3 Ng4 36. Nf4 Qf7 37. Qd6 Bc4 38. Bxg4 fxg4 39. Rxc4 h5 40. Rc6 Qg7 41. Rc1 h4 42. gxh4 Qb2 43. Qd7+ Kg8 44. Qxc8+ Kg7 45. Qxg4+ Kh6 46. Rc6+ Kh7 47. Qg6+ 1-0

[Event "Arco op 45th"]
[Site "Arco"]
[Date "2023.10.09"]
[Round "3"]
[White "Aarav, Bhavin Mehta"]
[Black "Valles Moreno, Ivan"]
[Result "0-1"]
[WhiteElo "1877"]
[BlackElo "2334"]
[PlyCount "150"]
[EventDate "2023.10.07"]
[EventType "swiss"]
[EventRounds "9"]
[EventCountry "ITA"]
[SourceTitle "Mega2024 Update 01"]
[Source "Chessbase"]
[SourceDate "2023.11.12"]
[SourceVersion "1"]
[SourceVersionDate "2023.11.12"]
[SourceQuality "1"]

1. e4 e5 2. Nf3 Nc6 3. Bc4 d6 4. d4 exd4 5. Nxd4 Nf6 6. Nc3 Be7 7. 0-0 0-0 8. Re1 Ne5 9. Bf1 Re8 10. f3 c6 11. Be3 Bd7 12. a4 Qc7 13. Nb3 b6 14. Kh1 a6 15. Qe2 h6 16. Qf2 c5 17. Nd2 Bc6 18. Nc4 Ng6 19. Nd2 Qb7 20. Nc4 Rad8 21. Rad1 d5 22. exd5 Nxd5 23. Nxd5 Bxd5 24. Bc1 b5 25. axb5 axb5 26. Na5 Qa6 27. Nb3 c4 28. Nc5 Qc6 29. Ne4 b4 30. Ng3 c3 31. bxc3 bxc3 32. Bd3 Bc5 33. Be3 Bxe3 34. Rxe3 Nf4 35. Rde1 Be6 36. Be4 Qc5 37. Nf1 f5 38. Bd3 Nxd3 39. cxd3 c2 40. Qd2 Bf7 41. Rc1 Bb3 42. Re2 Rxe2 43. Qxe2 Qd4 44. Rxc2 Bxc2 45. Qxc2 Qxd3 46. Qxd3 Rxd3 47. f4 Ra3 48. Kg1 Ra2 49. Ne3 g6 50. h3 Re2 51. Nd5 Kf7 52. Kh2 Rd2 53. Ne3 Rd4 54. Kg3 Ke6 55. Kf3 g5 56. g3 Ra4 57. h4 g4+ 58. Ke2 Ra2+ 59. Kf1 Rb2 60. Ke1 Ra2 61. Kf1 h5 62. Ke1 Rh2 63. Kf1 Rb2 64. Ke1 Rb5 65. Ke2 Kd6 66. Kd3 Rb3+ 67. Ke2 Kc5 68. Nxf5 Kd5 69. Ng7 Ke4 70. Nxh5 Rb2+ 71. Kf1 Rb5 72. f5 Rxf5+ 73. Nf4 Kf3 74. Ne2 Rd5 75. Ng1+ Kxg3 0-1

[Event "Pontevedra op 11th"]
[Site "Pontevedra"]
[Date "2023.07.25"]
[Round "3"]
[White "Valles Moreno, Ivan"]
[Black "Gomez Ledo, Roberto Carlos"]
[Result "1/2-1/2"]
[WhiteElo "2327"]
[BlackElo "2432"]
[PlyCount "82"]
[EventDate "2023.07.24"]
[EventType "swiss"]
[EventRounds "9"]
[EventCountry "ESP"]
[SourceTitle "CBM 215 Extra"]
[Source "ChessBase"]
[SourceDate "2023.09.30"]
[SourceVersion "1"]
[SourceVersionDate "2023.09.30"]
[SourceQuality "1"]

1. Nf3 d5 2. g3 c6 3. Bg2 Bf5 4. 0-0 e6 5. d3 Nf6 6. Nh4 Bg4 7. h3 Bh5 8. f4 Bc5+ 9. Kh1 Bg6 10. Qe1 h6 11. Nxg6 fxg6 12. e4 0-0 13. e5 Nh7 14. Nd2 Na6 15. Nf3 Rf7 16. h4 Qe7 17. a3 Raf8 18. b4 Bb6 19. Bd2 Bd8 20. c4 Qe8 21. Be3 Bb6 22. Bxb6 axb6 23. Qe3 Qd8 24. cxd5 cxd5 25. Rac1 Re8 26. d4 Qd7 27. Qd3 Nf8 28. b5 Nc7 29. a4 Ra8 30. Qb3 Ne8 31. Rc3 Rc8 32. Rfc1 Rxc3 33. Qxc3 Qd8 34. Qc8 Rd7 35. Kg1 Kf7 36. Bf1 Qe7 37. Kf2 Rd8 38. Qc3 Rd7 39. Qb2 Rc7 40. Rc2 Rc6 41. Rxc6 Qc7 1/2-1/2

[Event "Madrid-chT Honor 2223"]
[Site "Madrid"]
[Date "2023.03.05"]
[Round "12.1"]
[White "Plazuelo Pascual, Juan"]
[Black "Valles Moreno, Ivan"]
[Result "1/2-1/2"]
[WhiteElo "2453"]
[BlackElo "2341"]
[PlyCount "120"]
[EventDate "2022.11.20"]
[EventType "team-tourn"]
[EventRounds "14"]
[EventCountry "ESP"]
[SourceTitle "EXT 2024"]
[Source "ChessBase"]
[SourceDate "2023.10.10"]
[SourceVersion "1"]
[SourceVersionDate "2023.10.10"]
[SourceQuality "1"]
[WhiteTeam "Alcorcon Diagonal"]
[BlackTeam "Villalba 64"]
[WhiteTeamCountry "ESP"]
[BlackTeamCountry "ESP"]

1. d4 Nf6 2. c4 d6 3. Nc3 e5 4. Nf3 Nbd7 5. Bg5 h6 6. Bh4 exd4 7. Nxd4 c6 8. e3 Ne5 9. Qc2 Be7 10. Nf5 Bxf5 11. Qxf5 0-0 12. 0-0-0 Qc7 13. Bg3 Rfe8 14. Be2 Rad8 15. h4 a6 16. c5 Qa5 17. cxd6 Bxd6 18. Kb1 Bc7 19. h5 Ned7 20. Qxa5 Bxa5 21. Bh4 Nc5 22. Kc2 Bxc3 23. Kxc3 a5 24. Kc2 Kf8 25. g4 Rxd1 26. Rxd1 Nd5 27. Bf3 Ne4 28. Rd4 Ndf6 29. Be2 Ng5 30. Bg3 Nfe4 31. Bh4 Nf6 32. Ra4 b6 33. Rc4 Nd5 34. Bxg5 hxg5 35. Bd3 Rc8 36. Kb3 Nf6 37. Be2 Ke7 38. f4 gxf4 39. exf4 Nd7 40. g5 Nc5+ 41. Kc2 Rh8 42. Bg4 Ne6 43. Re4 Kd6 44. Kd2 c5 45. Ke3 Nd4 46. Kf2 f5 47. gxf6 gxf6 48. f5 b5 49. Kg3 a4 50. Re1 b4 51. Kf4 Kd7 52. a3 bxa3 53. bxa3 Kd6 54. Rb1 Nb3 55. Rd1+ Nd4 56. Rb1 Kd5 57. Rb7 c4 58. Rd7+ Kc5 59. Rc7+ Kd5 60. Rd7+ Kc5 1/2-1/2

[Event "Madrid-chT Honor 2223"]
[Site "Madrid"]
[Date "2023.02.19"]
[Round "10.2"]
[White "Valles Moreno, Ivan"]
[Black "Taboas Rodriguez, Daniel"]
[Result "0-1"]
[WhiteElo "2341"]
[BlackElo "2368"]
[PlyCount "180"]
[EventDate "2022.11.20"]
[EventType "team-tourn"]
[EventRounds "14"]
[EventCountry "ESP"]
[SourceTitle "EXT 2024"]
[Source "ChessBase"]
[SourceDate "2023.10.10"]
[SourceVersion "1"]
[SourceVersionDate "2023.10.10"]
[SourceQuality "1"]
[WhiteTeam "Villalba 64"]
[BlackTeam "Blanco y Negro"]
[WhiteTeamCountry "ESP"]
[BlackTeamCountry "ESP"]

1. e4 e5 2. Nf3 Nc6 3. Bb5 Nf6 4. 0-0 Nxe4 5. Re1 Nd6 6. a4 Be7 7. Nc3 0-0 8. d4 e4 9. Nxe4 Nxe4 10. Rxe4 a6 11. Bf1 d5 12. Re1 Bg4 13. c3 Bd6 14. h3 Bh5 15. a5 Ne7 16. g3 c6 17. Bg2 Qc7 18. b3 Rae8 19. Bd2 c5 20. dxc5 Qxc5 21. Qe2 Qc8 22. Qf1 Nc6 23. Be3 Bg6 24. Nd2 Be5 25. Rac1 Qd7 26. Bc5 Bd6 27. Bb6 d4 28. cxd4 Bb4 29. Red1 Nxa5 30. Bxa5 Bxa5 31. Nc4 Bb4 32. Ne5 Qe7 33. Qc4 Rd8 34. g4 Ba3 35. Rc3 b5 36. Qf1 Qb4 37. Re3 Rxd4 38. Ra1 Qd6 39. Nc6 Rd2 40. Rae1 Bd3 41. Rxd3 Qxd3 42. Qxd3 Rxd3 43. b4 h6 44. h4 Rc3 45. Re7 Rc4 46. Bf3 Bxb4 47. Ra7 a5 48. Kg2 Rc8 49. Ne5 R4c7 50. Ra6 Bc3 51. Nc6 a4 52. Bd5 a3 53. Na7 Rb8 54. Nc6 Rxc6 55. Rxc6 b4 56. Bb3 Ra8 57. Ba2 Bf6 58. Rb6 Be7 59. Rb7 Kf8 60. Kf3 g6 61. Ke2 Rc8 62. Kd1 Rd8+ 63. Kc2 Rd4 64. Rb8+ Kg7 65. Rb7 Kf8 66. Rb8+ Rd8 67. Rb7 Rc8+ 68. Kd1 f5 69. h5 gxh5 70. gxf5 Rd8+ 71. Ke2 Rc8 72. Be6 Rc2+ 73. Ke3 Bc5+ 74. Ke4 Rxf2 75. Bc4 Bd6 76. Kd5 Rf4 77. Bb3 Be7 78. Ke5 Bg5 79. Rb8+ Ke7 80. Bd5 Kd7 81. Rb7+ Kc8 82. Ra7 Rf2 83. Ra4 Re2+ 84. Kd4 Rd2+ 85. Ke5 Re2+ 86. Kd4 Bf6+ 87. Kc4 a2 88. Ra8+ Kc7 89. Ra7+ Kb6 90. Rb7+ Ka6 0-1

[Event "Madrid-chT Honor 2223"]
[Site "Madrid"]
[Date "2023.02.12"]
[Round "9.2"]
[White "Pulvett Marin, Daniel Eduardo"]
[Black "Valles Moreno, Ivan"]
[Result "1/2-1/2"]
[WhiteElo "2507"]
[BlackElo "2341"]
[PlyCount "23"]
[EventDate "2022.11.20"]
[EventType "team-tourn"]
[EventRounds "14"]
[EventCountry "ESP"]
[SourceTitle "EXT 2024"]
[Source "ChessBase"]
[SourceDate "2023.10.10"]
[SourceVersion "1"]
[SourceVersionDate "2023.10.10"]
[SourceQuality "1"]
[WhiteTeam "Collado Villalba"]
[BlackTeam "Villalba 64"]
[WhiteTeamCountry "ESP"]
[BlackTeamCountry "ESP"]

1. d4 Nf6 2. c4 g6 3. Nc3 Bg7 4. e4 d6 5. Nf3 0-0 6. Be2 c5 7. d5 e6 8. h3 exd5 9. exd5 Bf5 10. 0-0 Ne4 11. Nxe4 Bxe4 12. Ng5 1/2-1/2

[Event "Madrid-chT Honor 2223"]
[Site "Madrid"]
[Date "2022.12.18"]
[Round "4.3"]
[White "Fernandez de Bobadilla, Gabriel"]
[Black "Valles Moreno, Ivan"]
[Result "0-1"]
[WhiteElo "2162"]
[BlackElo "2341"]
[PlyCount "142"]
[EventDate "2022.11.20"]
[EventType "team-tourn"]
[EventRounds "14"]
[EventCountry "ESP"]
[SourceTitle "EXT 2024"]
[Source "ChessBase"]
[SourceDate "2023.10.10"]
[SourceVersion "1"]
[SourceVersionDate "2023.10.10"]
[SourceQuality "1"]
[WhiteTeam "Virgen de Atocha"]
[BlackTeam "Villalba 64"]
[WhiteTeamCountry "ESP"]
[BlackTeamCountry "ESP"]

1. d4 Nf6 2. c4 g6 3. Nc3 Bg7 4. e4 d6 5. h3 0-0 6. Be3 Na6 7. Bd3 c5 8. d5 e6 9. Nf3 exd5 10. exd5 Nb4 11. Bb1 b5 12. a3 Qa5 13. 0-0 bxc4 14. Bxg6 hxg6 15. axb4 Qxb4 16. Qd2 Bf5 17. Ng5 Bd3 18. Rfe1 Qb7 19. Bf4 Nxd5 20. Bxd6 Rfd8 21. Nxd5 Qxd5 22. Be7 Rd7 23. Nf3 Rb8 24. Qf4 Rb6 25. Ng5 f6 26. Nf3 g5 27. Qe3 Rc6 28. Ra5 Rdc7 29. Nh2 Bf5 30. Qc1 Kf7 31. g4 Be4 32. f3 Rxe7 33. fxe4 Rxe4 34. Rxa7+ Kg8 35. Ra8+ Kh7 36. Qb1 Rce6 37. Rd8 f5 38. Rxe4 Qxe4 39. Qxe4 fxe4 40. Rb8 Bd4+ 41. Kf1 Rf6+ 42. Ke1 Rf2 43. Nf1 Rxb2 44. Rxb2 Bxb2 45. Ne3 c3 46. Kd1 Kg6 47. Ng2 Kf6 48. h4 gxh4 49. Nxh4 Kg5 50. Ng2 Kxg4 51. Ne1 Kf4 52. Ke2 Bc1 53. Nc2 Ke5 54. Kd1 Bd2 55. Ke2 Kd5 56. Na3 Bf4 57. Kd1 e3 58. Ke2 c4 59. Nc2 Kc5 60. Kd1 Bg5 61. Ke2 Kb5 62. Nd4+ Ka4 63. Kd1 Bh6 64. Kc2 Bg7 65. Ne2 Be5 66. Nc1 Kb4 67. Ne2 Kc5 68. Nc1 Kd5 69. Kd1 Ke4 70. Ne2 Kf3 71. Nc1 Kf2 0-1

[Event "ESP-chT CECLUB Div2"]
[Site "Linares"]
[Date "2022.08.22"]
[Round "1.3"]
[White "Gomez Dominguez, Xabier"]
[Black "Valles Moreno, Ivan"]
[Result "0-1"]
[WhiteElo "2158"]
[BlackElo "2369"]
[PlyCount "40"]
[EventDate "2022.08.22"]
[EventType "team-swiss"]
[EventRounds "7"]
[EventCountry "ESP"]
[SourceTitle "CBM 209 Extra"]
[Source "ChessBase"]
[SourceDate "2022.09.30"]
[SourceVersion "1"]
[SourceVersionDate "2022.09.30"]
[SourceQuality "1"]
[WhiteTeam "Circulo Ferrolano"]
[BlackTeam "Villalba 64 Miscasa"]
[WhiteTeamCountry "ESP"]
[BlackTeamCountry "ESP"]

1. e4 c5 2. Nc3 Nc6 3. g3 g6 4. Bg2 Bg7 5. d3 d6 6. f4 Qd7 7. Nf3 b6 8. 0-0 Bb7 9. f5 gxf5 10. exf5 Nf6 11. Ng5 d5 12. Nh3 Nd4 13. g4 h5 14. g5 Ng4 15. f6 exf6 16. Nf4 fxg5 17. Nfxd5 Qd6 18. Re1+ Ne6 19. Nb5 Qxh2+ 20. Kf1 Bxd5 0-1

[Event "Purtichju op"]
[Site "Purtichju"]
[Date "2022.07.05"]
[Round "5"]
[White "Valles Moreno, Ivan"]
[Black "Derige Kane, Yan"]
[Result "0-1"]
[WhiteElo "2384"]
[BlackElo "2112"]
[PlyCount "90"]
[EventDate "2022.07.02"]
[EventType "swiss"]
[EventRounds "9"]
[EventCountry "FRA"]
[SourceTitle "EXT 2023"]
[Source "ChessBase"]
[SourceDate "2022.10.05"]
[SourceVersion "1"]
[SourceVersionDate "2022.10.05"]
[SourceQuality "1"]

1. Nf3 d5 2. c4 d4 3. g3 Nc6 4. Bg2 e5 5. d3 Bb4+ 6. Bd2 a5 7. 0-0 Nf6 8. Bxb4 axb4 9. Nbd2 0-0 10. Ne1 Qe7 11. Nc2 Re8 12. Nb3 Bg4 13. Qd2 Rab8 14. Rfe1 Be6 15. Reb1 Nd7 16. a3 bxa3 17. bxa3 Nd8 18. a4 c5 19. Rb2 f5 20. Na3 Nf6 21. e3 Nf7 22. exd4 cxd4 23. Nc2 g5 24. Rab1 b6 25. Na5 Bd7 26. Rxb6 Rxb6 27. Rxb6 Bxa4 28. Nb4 Qd8 29. c5 e4 30. Qa2 e3 31. Rb7 Bd7 32. Nbc6 e2 33. Qxf7+ Kxf7 34. Nxd8+ Kg6 35. Rb1 e1Q+ 36. Rxe1 Rxe1+ 37. Bf1 f4 38. Nc4 Bh3 39. Nd2 Nd5 40. Nc6 Ne3 41. Ne5+ Kf6 42. Nef3 Rc1 43. Nxd4 Nxf1 44. N4b3 Rd1 45. Ne4+ Kg7 0-1

[Event "Madrid-chT Honor 2122"]
[Site "Madrid"]
[Date "2022.02.12"]
[Round "9.4"]
[White "Quispe Arteaga, Gabriel"]
[Black "Valles Moreno, Ivan"]
[Result "1-0"]
[WhiteElo "2385"]
[BlackElo "2381"]
[PlyCount "99"]
[EventDate "2021.11.27"]
[EventType "team-tourn"]
[EventRounds "14"]
[EventCountry "ESP"]
[SourceTitle "EXT 2024"]
[Source "ChessBase"]
[SourceDate "2023.10.10"]
[SourceVersion "1"]
[SourceVersionDate "2023.10.10"]
[SourceQuality "1"]
[WhiteTeam "Collado Villalba"]
[BlackTeam "Villalba 64"]
[WhiteTeamCountry "ESP"]
[BlackTeamCountry "ESP"]

1. c4 d6 2. Nc3 e5 3. g3 g6 4. d4 Nd7 5. Nf3 Bg7 6. Bg2 exd4 7. Nxd4 Ne7 8. 0-0 0-0 9. Bf4 a6 10. Rc1 Ne5 11. b3 h6 12. h4 Rb8 13. Qd2 Kh7 14. Rfd1 Nf5 15. Nxf5 Bxf5 16. Nd5 Be6 17. Be3 Re8 18. Nf4 Bd7 19. Ba7 Ra8 20. Bd4 Bc6 21. Nd5 h5 22. Qc3 Bh6 23. f4 Ng4 24. Bf3 Bxd5 25. cxd5 Rc8 26. e4 Qd7 27. Qb4 b6 28. Qa4 b5 29. Qxa6 f5 30. Qc6 Qf7 31. Bxg4 hxg4 32. e5 dxe5 33. Bxe5 Rxe5 34. fxe5 Be3+ 35. Kh1 f4 36. Qf6 Qxf6 37. exf6 Bxc1 38. Rxc1 Rd8 39. Rxc7+ Kh6 40. gxf4 Rf8 41. Kg2 Rxf6 42. Kg3 Ra6 43. Kxg4 Rxa2 44. Rb7 Rg2+ 45. Kf3 Rd2 46. Rxb5 Kh5 47. Rb8 Rd3+ 48. Ke4 Rd1 49. Ke5 Kxh4 50. Rb4 1-0

[Event "Madrid-chT Honor 2122"]
[Site "Madrid"]
[Date "2022.01.09"]
[Round "4.4"]
[White "Valles Moreno, Ivan"]
[Black "Rojas Pozo, Jose Luis"]
[Result "1-0"]
[WhiteElo "2381"]
[BlackElo "1887"]
[PlyCount "41"]
[EventDate "2021.11.27"]
[EventType "team-tourn"]
[EventRounds "14"]
[EventCountry "ESP"]
[SourceTitle "EXT 2024"]
[Source "ChessBase"]
[SourceDate "2023.10.10"]
[SourceVersion "1"]
[SourceVersionDate "2023.10.10"]
[SourceQuality "1"]
[WhiteTeam "Villalba 64"]
[BlackTeam "Tajamar"]
[WhiteTeamCountry "ESP"]
[BlackTeamCountry "ESP"]

1. Nf3 Nf6 2. c4 e6 3. g3 d5 4. Bg2 Be7 5. 0-0 0-0 6. d4 Ne4 7. Nc3 f5 8. Qb3 c6 9. Bf4 Nd7 10. Rad1 Ndf6 11. Ne5 Qe8 12. cxd5 exd5 13. f3 Nd6 14. e4 Be6 15. Nd3 Nb5 16. Nxb5 cxb5 17. Rfe1 Qd8 18. exf5 Bxf5 19. Qxb5 Bxd3 20. Rxd3 Bd6 21. Be5 1-0

[Event "ESP-chT Rapid"]
[Site "Ciudad Real"]
[Date "2021.10.10"]
[Round "7.4"]
[White "Valles Moreno, Ivan"]
[Black "Tari, Aryan"]
[Result "0-1"]
[WhiteElo "2398"]
[BlackElo "2646"]
[PlyCount "84"]
[EventDate "2021.10.09"]
[EventType "team-swiss (rapid)"]
[EventRounds "9"]
[EventCountry "ESP"]
[SourceTitle "CBM 204 Extra"]
[Source "ChessBase"]
[SourceDate "2021.11.30"]
[SourceVersion "1"]
[SourceVersionDate "2021.11.30"]
[SourceQuality "1"]
[WhiteTeam "Madrid 64Villalba"]
[BlackTeam "Ourense Deportivo"]
[WhiteTeamCountry "ESP"]
[BlackTeamCountry "ESP"]

1. Nf3 c5 2. c4 Nc6 3. d4 cxd4 4. Nxd4 Qb6 5. Nf3 e6 6. a3 Bc5 7. e3 Nf6 8. Nc3 Be7 9. Be2 0-0 10. 0-0 d5 11. Qc2 Bd7 12. Bd2 Rac8 13. Rad1 Na5 14. cxd5 exd5 15. Qb1 Nc4 16. Bxc4 Rxc4 17. Ne5 Rc7 18. Nxd7 Rxd7 19. Bc1 Rc8 20. Qf5 Qe6 21. Qxe6 fxe6 22. Rd3 Rdc7 23. Bd2 a6 24. h3 Nd7 25. f4 Nc5 26. Rd4 b5 27. Be1 Bf6 28. Rd1 Na4 29. f5 Nxb2 30. Rb1 Nd3 31. Na2 e5 32. Nb4 Nxb4 33. Bxb4 e4 34. Rbd1 Rd7 35. Rf4 Rc4 36. h4 Be5 37. Rf2 d4 38. f6 gxf6 39. Rf5 Kf7 40. g4 Ke6 41. Rdf1 dxe3 42. Re1 Rg7 0-1

[Event "ESP-chT Rapid"]
[Site "Ciudad Real"]
[Date "2021.10.09"]
[Round "3.4"]
[White "Valles Moreno, Ivan"]
[Black "Svane, Rasmus"]
[Result "0-1"]
[WhiteElo "2398"]
[BlackElo "2625"]
[PlyCount "134"]
[EventDate "2021.10.09"]
[EventType "team-swiss (rapid)"]
[EventRounds "9"]
[EventCountry "ESP"]
[SourceTitle "CBM 204 Extra"]
[Source "ChessBase"]
[SourceDate "2021.11.30"]
[SourceVersion "1"]
[SourceVersionDate "2021.11.30"]
[SourceQuality "1"]
[WhiteTeam "Madrid 64Villalba"]
[BlackTeam "Paterna Andreu"]
[WhiteTeamCountry "ESP"]
[BlackTeamCountry "ESP"]

1. Nf3 d5 2. g3 g6 3. Bg2 Bg7 4. 0-0 e5 5. d3 Nc6 6. Nbd2 Nge7 7. e4 0-0 8. a3 a5 9. Rb1 a4 10. exd5 Nxd5 11. Ne4 h6 12. Re1 Re8 13. Bd2 f5 14. Nc3 Be6 15. Nb5 Bf7 16. c4 Nb6 17. Bc3 Re7 18. Qc2 Qe8 19. Nd2 Qd7 20. Rbd1 g5 21. b3 axb3 22. Nxb3 Na4 23. Ba1 Rd8 24. d4 exd4 25. Rxe7 Nxe7 26. N3xd4 Nc5 27. Bf3 Qc8 28. Re1 Re8 29. Bc3 f4 30. Rxe7 Rxe7 31. Nf5 Bf8 32. Nxe7+ Bxe7 33. Bd5 Ne6 34. Qe4 Bf8 35. Nd4 Ng7 36. Bxb7 Qg4 37. f3 Qh3 38. Bd5 fxg3 39. Bxf7+ Kxf7 40. Qd5+ Kg6 41. Qe4+ Kh5 42. hxg3 Qxg3+ 43. Kf1 Qh3+ 44. Ke2 Qg2+ 45. Kd1 Qf1+ 46. Kd2 Qxc4 47. f4 gxf4 48. Qxf4 Bd6 49. Qf3+ Kg6 50. Qe4+ Kf7 51. Qf3+ Kg8 52. Nf5 Qf4+ 53. Qxf4 Bxf4+ 54. Kd3 Nxf5 55. Ke4 Ne7 56. a4 Bd6 57. a5 Kf7 58. a6 Bc5 59. Be5 c6 60. Bd6 Ba7 61. Bc7 Ke6 62. Kd3 Kd5 63. Bd8 Nf5 64. Bc7 h5 65. Kc3 h4 66. Kb4 h3 67. Ka5 Nd6 0-1

[Event "Madrid-chT 2021"]
[Site "Madrid"]
[Date "2021.05.15"]
[Round "11.2"]
[White "Montoliu Cervero, Francisco"]
[Black "Valles Moreno, Ivan"]
[Result "1-0"]
[WhiteElo "2395"]
[BlackElo "2412"]
[PlyCount "77"]
[EventDate "2021.01.23"]
[EventType "team-tourn"]
[EventRounds "14"]
[EventCountry "ESP"]
[SourceTitle "EXT 2022"]
[Source "ChessBase"]
[SourceDate "2021.10.06"]
[SourceVersion "1"]
[SourceVersionDate "2021.10.06"]
[SourceQuality "1"]
[WhiteTeam "Blanco y Negro"]
[BlackTeam "Villalba 64"]
[WhiteTeamCountry "ESP"]
[BlackTeamCountry "ESP"]

1. e4 c5 2. Nf3 d6 3. d4 cxd4 4. Nxd4 Nf6 5. Nc3 a6 6. Be3 e5 7. Nb3 Be6 8. f3 Be7 9. Qd2 0-0 10. 0-0-0 a5 11. Qe1 Qc8 12. a4 Nc6 13. g4 Nb4 14. g5 Ne8 15. Kb1 b5 16. Bxb5 Nc7 17. Bd3 Rb8 18. Nxa5 d5 19. exd5 Ncxd5 20. Bb5 Bf5 21. Rxd5 Nxc2 22. Qd2 Nxe3+ 23. Rd3 Bxd3+ 24. Qxd3 Bxg5 25. Nc6 Rb6 26. h4 Bf6 27. Qxe3 Rxc6 28. Bxc6 Qxc6 29. Qe4 Qe6 30. Rd1 g6 31. Rd5 h5 32. a5 Qa6 33. Rb5 Rd8 34. Rb6 Qf1+ 35. Ka2 Rd4 36. Qe2 Qc1 37. Rxf6 Rd2 38. Qb5 Qxc3 39. Qe8+ 1-0

[Event "Madrid-chT 2021"]
[Site "Madrid"]
[Date "2021.04.17"]
[Round "8.1"]
[White "Montanes Arribas, Adrian"]
[Black "Valles Moreno, Ivan"]
[Result "1/2-1/2"]
[WhiteElo "2268"]
[BlackElo "2412"]
[PlyCount "127"]
[EventDate "2021.01.23"]
[EventType "team-tourn"]
[EventRounds "14"]
[EventCountry "ESP"]
[SourceTitle "EXT 2022"]
[Source "ChessBase"]
[SourceDate "2021.10.06"]
[SourceVersion "1"]
[SourceVersionDate "2021.10.06"]
[SourceQuality "1"]
[WhiteTeam "Vallecas CDV"]
[BlackTeam "Villalba 64"]
[WhiteTeamCountry "ESP"]
[BlackTeamCountry "ESP"]

1. d4 Nf6 2. c4 c5 3. d5 g6 4. Nc3 d6 5. Nf3 Bg7 6. e4 0-0 7. Be2 e6 8. 0-0 Re8 9. h3 e5 10. Ne1 Nbd7 11. Nd3 h6 12. Be3 Nf8 13. Re1 g5 14. Bf1 Ng6 15. g3 Bd7 16. Rb1 Qc8 17. Kh2 Nh7 18. b4 b6 19. Bg2 Kh8 20. bxc5 bxc5 21. Qb3 Re7 22. Nb5 Bxb5 23. Qxb5 f5 24. exf5 Qxf5 25. Nxc5 dxc5 26. d6 Ree8 27. d7 Rg8 28. Bxa8 Rxa8 29. Bxc5 Rd8 30. Red1 g4 31. hxg4 Qxg4 32. Be3 Nf4 33. Bxf4 exf4 34. Qb8 fxg3+ 35. Qxg3 Qh5+ 36. Kg1 Be5 37. Rd5 Bxg3 38. Rxh5 Bc7 39. Rb7 Rxd7 40. Kf1 Nf6 41. Rxh6+ Kg7 42. Rh3 Bb6 43. Rxd7+ Nxd7 44. Ke2 Kf6 45. f4 Nf8 46. Kf3 Ng6 47. Ke4 Bc5 48. Rh5 Bb4 49. c5 Bd2 50. Rh6 Kg7 51. Rh2 Ba5 52. Kf5 Nxf4 53. Rc2 Nd5 54. Ke6 Nc7+ 55. Kd7 Kf6 56. Re2 Kf5 57. c6 Bb6 58. a4 Na6 59. Ra2 Ke5 60. a5 Bc7 61. Kc8 Kd6 62. Kb7 Nc5+ 63. Kxa7 Kxc6 64. Rc2 1/2-1/2

[Event "Madrid-chT 2021"]
[Site "Madrid"]
[Date "2021.03.21"]
[Round "5.1"]
[White "Valles Moreno, Ivan"]
[Black "Reyes Larena, Juan"]
[Result "0-1"]
[WhiteElo "2412"]
[BlackElo "2451"]
[PlyCount "94"]
[EventDate "2021.01.23"]
[EventType "team-tourn"]
[EventRounds "14"]
[EventCountry "ESP"]
[SourceTitle "EXT 2022"]
[Source "ChessBase"]
[SourceDate "2021.10.06"]
[SourceVersion "1"]
[SourceVersionDate "2021.10.06"]
[SourceQuality "1"]
[WhiteTeam "Villalba 64"]
[BlackTeam "San Sebastian de los Reyes"]
[WhiteTeamCountry "ESP"]
[BlackTeamCountry "ESP"]

1. Nf3 Nf6 2. g3 g6 3. Bg2 Bg7 4. 0-0 0-0 5. d4 d6 6. Re1 Nbd7 7. e4 e5 8. Nc3 c6 9. a4 a5 10. h3 Re8 11. Be3 exd4 12. Bxd4 Nf8 13. Qd2 Ne6 14. Be3 Nc5 15. Bg5 h6 16. Bxh6 Nfxe4 17. Nxe4 Nxe4 18. Qf4 d5 19. Ng5 Nxg5 20. Rxe8+ Qxe8 21. Qxg5 Bxb2 22. Rb1 Bg7 23. Bxg7 Kxg7 24. Qd2 Qe7 25. g4 Qc5 26. Bf1 b6 27. Rb3 Be6 28. Rf3 b5 29. Bd3 Qd6 30. Qg5 Bd7 31. h4 Rh8 32. h5 bxa4 33. Kf1 a3 34. h6+ Rxh6 35. Rxf7+ Kxf7 36. Qxh6 Be8 37. Qh7+ Kf8 38. Qh8+ Ke7 39. Qg7+ Bf7 40. Qd4 c5 41. Qe3+ Kd8 42. Bb5 a2 43. Qc3 d4 44. Qxa5+ Ke7 45. g5 Kf8 46. Be2 d3 47. Bxd3 Qd4 0-1

[Event "Madrid-chT 2021"]
[Site "Madrid"]
[Date "2021.01.23"]
[Round "1.1"]
[White "Valles Moreno, Ivan"]
[Black "Montanes Arribas, Adrian"]
[Result "1-0"]
[WhiteElo "2412"]
[BlackElo "2268"]
[PlyCount "53"]
[EventDate "2021.01.23"]
[EventType "team-tourn"]
[EventRounds "14"]
[EventCountry "ESP"]
[SourceTitle "EXT 2022"]
[Source "ChessBase"]
[SourceDate "2021.10.06"]
[SourceVersion "1"]
[SourceVersionDate "2021.10.06"]
[SourceQuality "1"]
[WhiteTeam "Villalba 64"]
[BlackTeam "Vallecas CDV"]
[WhiteTeamCountry "ESP"]
[BlackTeamCountry "ESP"]

1. Nf3 d5 2. g3 Nf6 3. Bg2 e6 4. 0-0 Be7 5. d3 b6 6. Nbd2 Bb7 7. e4 c5 8. Re1 Nc6 9. c3 Qc7 10. e5 Nd7 11. Nf1 Ndxe5 12. Nxe5 Nxe5 13. Rxe5 Qxe5 14. Bf4 Qf6 15. Qa4+ Kd8 16. d4 Qg6 17. dxc5 Bxc5 18. b4 Be7 19. c4 Bf6 20. Rd1 Ke7 21. cxd5 Kf8 22. Ne3 Bxd5 23. Nxd5 exd5 24. Bxd5 Rd8 25. Bc7 Rc8 26. Qd7 Re8 27. Bc6 1-0

[Event "C'Chartres Blitz op"]
[Site "Europe Echecs INT"]
[Date "2020.11.28"]
[Round "5"]
[White "Shevchenko, Kirill"]
[Black "Valles Moreno, Ivan"]
[Result "0-1"]
[WhiteElo "2592"]
[BlackElo "2412"]
[PlyCount "69"]
[EventDate "2020.11.28"]
[EventType "swiss (blitz)"]
[EventRounds "11"]
[EventCountry "FRA"]
[SourceTitle "CBM 199 Extra"]
[Source "ChessBase"]
[SourceDate "2021.01.31"]
[SourceVersion "1"]
[SourceVersionDate "2021.01.31"]
[SourceQuality "1"]

1. e4 c5 2. c3 Nf6 3. e5 Nd5 4. Bc4 e6 5. d4 cxd4 6. cxd4 d6 7. Nf3 Nc6 8. 0-0 Nb6 9. Bd3 Nb4 10. Be2 Be7 11. Nc3 0-0 12. a3 N4d5 13. Ne4 dxe5 14. dxe5 Bd7 15. Bd3 Bc6 16. Qe2 Nd7 17. Neg5 h6 18. Ne4 Qc7 19. Ng3 Nc5 20. Bb1 Ba4 21. Bd2 Rfd8 22. Rc1 Qb6 23. b4 Nb3 24. Bd3 Nxc1 25. Rxc1 Rac8 26. Rxc8 Rxc8 27. h4 Bc2 28. Bc4 Qc6 29. Ba2 Bh7 30. Nd4 Qd7 31. Kh2 Nf4 32. Qe3 Nd5 33. Nf3 Nxe3 34. Bxe3 Rc2 35. Bxe6 0-1